01240cam a2200301 a 4500001000800000005001700008008004100025010001700066020001500083040001800098043001200116050001800128082002900146110010200175245018100277250001300458260003300471300002100504440006900525504005100594650004500645651005800690700002300748906004500771942001200816999001500828952009500843251316720230704082554.0920619s1991 gw b 101 0 eng  a 92176581  a3789023175 aDLCcDLCdDLC ae-gx---00aKK4449b 199100a342.43a344.302220bIAC2 aInternational Association of Constitutional Law.bWorld Congressn(3rd :d1991 :cWarsaw, Poland)10aNew challenges to the German Basic Law :bthe German contributions to the Third World Congress of the International Association of Constitutional Law /cChristian Starck (ed.). a1. Aufl. aBaden-Baden :bNomos,c1991. a219 p. ;c23 cm. 0aStudien und Materialien zur Verfassungsgerichtsbarkeit ;vBd. 49 aIncludes bibliographical references and index. 0aConstitutional lawzGermanyxCongresses. 0aGermanyxPolitics and governmentz1990- xCongresses.1 aStarck, Christian. a7bcbccorignewd2encipf19gy-gencatlg 2ddccBK c3550d3550 00102ddc4070a002b002d2023-07-04l0o342.43 IACp10002470r2023-07-04w2023-07-04yBK